| 000 | 01317nam a2200397 i 4500 | ||
|---|---|---|---|
| 001 | 54027 | ||
| 003 | KOSZ 005 | ||
| 005 | 20240405063204.0 | ||
| 008 | 070612s2007 pl f |000 0 pol d | ||
| 020 | _a9788360186473 | ||
| 040 |
_cKOSZ 005 _aKOSZ 005 _dKOSZ 005/HR |
||
| 041 | 0 | _apol | |
| 044 | _apol | ||
| 046 | _k2007 | ||
| 080 | _a352/353:336.1(438)"1989/..." | ||
| 100 | 1 |
_aJędrzejewski, Lech _eAutor |
|
| 245 | 0 | 0 |
_aGospodarka finansowa samorządu terytorialnego w Polsce : _bwybrane zagadnienia / _cLech Jędrzejewski. |
| 260 |
_aBydgoszcz : _bOficyna Wydawnicza Branta, _c2007. |
||
| 300 |
_a223 s. : _bwykr. ; _c24 cm |
||
| 336 |
_2rdacontent _aTekst _btxt |
||
| 337 |
_2rdamedia _aBez urządenia pośredniczącego _bn |
||
| 338 |
_2rdacarrier _aWolumin _bnc |
||
| 380 | _aKsiążki | ||
| 388 | _a2001- | ||
| 504 | _aBibliogr. | ||
| 648 | 7 | _a1901-2000 | |
| 648 | 7 | _a1989-2000 | |
| 648 | 7 | _a2001- | |
| 650 | 7 | _aSamorząd terytorialny | |
| 650 | 7 | _aBudżety terenowe | |
| 651 | _aPolska | ||
| 658 | _aGospodarka, ekonomia, finanse | ||
| 710 | _aAgencja Marketingowa, Oficyna Wydawnicza Branta | ||
| 856 |
_uhttp://koha.tu.koszalin.pl/cgi-bin/koha/opac-detail.pl?biblionumber=54027 _yKatalog online BPK |
||
| 942 |
_cKS _2UKD |
||
| 999 |
_c54027 _d54027 |
||